Enhancing Access to Human Rights /

Guardado en:
Detalles Bibliográficos
Autor corporativo: Consejo Internacional para Estudios de Derechos Humanos
Formato: Libro
Idioma:Inglés
Publicado: Versoix, Suiza : International Council on Human Rights Policy, 2004, c2004
Etiquetas: Agrega una etiqueta
Sin etiquetas, Sé el primero en etiquetar este registro!

MARC

LEADER 00000nam^a2200000^a^4500
001 000616900
005 20250630000000.0
009 20260310133729.952
020 |a 2-940259-58-5 
037 |a Acervo ITESO - Biblioteca 
041 |a ING 
091 |a FGU. 00169 
110 |a Consejo Internacional para Estudios de Derechos Humanos 
245 1 0 |a Enhancing Access to Human Rights / 
264 4 |a Versoix, Suiza :  |b International Council on Human Rights Policy,  |c 2004, c2004 
300 |a 82 p. 
336 |a texto  |b txt  |2 rdacontenido 
337 |a sin mediación  |b n  |2 rdamedio 
338 |a volumen  |b nc  |2 rdasoporte 
649 |a XX 
910 |a Fondo Guadalupe Morfín Otero 
920 |a Impresos - Libros 
930 |a Fondos Especiales 
905 |a 146 
901 |a 616900-10  |b IT2  |c ESP  |i D  |u 20250630 
902 |a https://opac.biblio.iteso.mx/vufind/Record/000616900